| 000 | 00671nam a2200265Ia 4500 | ||
|---|---|---|---|
| 008 | 171120s9999 xx 000 0 und d | ||
| 020 | _a9.7897127215e+012 | ||
| 050 | _a641.59 | ||
| 050 | _bS941 2009 | ||
| 100 | _aSubida, Roby C. | ||
| 245 | _aI hate to cook cookbook quick and no-fuss recipes / | ||
| 245 | _cby Roby C. Subida. | ||
| 260 | _aPhilippines : | ||
| 260 | _bAnvil, | ||
| 260 | _c2009 | ||
| 300 | _a77 pages : | ||
| 300 | _billustrations ; | ||
| 300 | _c17cm. | ||
| 440 | _aThe Maya kitchen. | ||
| 500 | _aIncludes glossary and index. | ||
| 650 | _aCookery. | ||
| 650 | _aCooking, Philippine. | ||
| 700 | _aSeries. | ||
| 700 | _aTitle. | ||
| 999 |
_c345406 _d345406 |
||